000
00232nam a22001097a 4500
040
_c
RUA
082
_a
428 MPC 1987 A118 Or.
100
_a
Arnold, Virginia A.
245
_a
Doorways.
260
_a
phnom penh
_b
rua
_c
1987
942
_c
EK
999
_c
21429
_d
21429